| 000 | 01362cac a22003495a 4500 | ||
|---|---|---|---|
| 005 | 20150811131214.0 | ||
| 008 | 150809s1984 xxua|||fr|||| 001 0 eng d | ||
| 010 | _a 83051344 | ||
| 020 | _a086531697X | ||
| 020 | _a0865316988 (pbk.) | ||
| 020 | _a9774240235 (American University in Cairo Press : pbk.) | ||
| 040 |
_beng _d EG-ScBUE |
||
| 082 | 0 | 4 |
_a327.09174927 _bKOR _222 |
| 100 | 1 | _aKorany, Bahgat. | |
| 245 | 1 | 4 |
_aThe foreign policies of Arab states / _cBahgat Korany and Ali E. Hillal Dessouki ; with contributions by Ahmad Yousef Ahmad ... [et al.]. |
| 260 |
_a[Cairo], Egypt : _bWestview Press : _bAmerican University in Cairo Press, _cc.1984. |
||
| 300 |
_axii, 354 p. : _bmaps ; _c25 cm. |
||
| 500 | _aIndex : p. 355-354. | ||
| 504 | _aIncludes bibliographical references . | ||
| 590 | _adoaa mohamed | ||
| 650 |
_2BUEsh _aArab countries -- Foreign relations. |
||
| 651 | 0 |
_aArab countries _xForeign relations. _2BUEsh |
|
| 653 |
_bBUSBOL _cAugust2015 |
||
| 655 |
_vreading book _934232 |
||
| 700 | 1 |
_aDessouki, Ali E. Hillal, _eauthor. |
|
| 700 | 1 |
_aHinnebusch, Raymond A., _econtributor. _928841 |
|
| 700 | 1 |
_aKluge, A. G., _econtributor. |
|
| 700 | 1 |
_aNoble, Paul C., _econtributor. |
|
| 700 | 1 |
_aSelim, Mohamed E., _econtributor. |
|
| 700 | 1 |
_aZartman, I, William, _econtributor. |
|
| 942 |
_cBB _k327.09174927 KOR _2ddc |
||
| 999 |
_c5562 _d5562 |
||